Exercices d'analyse

Saved in:
書目詳細資料
主要作者: Julia, Gaston (Author)
格式: 圖書
語言:法语
出版: París Gauthier-Villars 1960
主題:
標簽: 添加標簽
沒有標簽, 成為第一個標記此記錄!

MARC

LEADER 00000nam a2200000 a 4500
001 UCP3813
003 CL-VaPUC
008 990702e19600000FR |||||||||||||||||fre|d
082 0 4 |a 515  |b JUL  |2 21 
100 |a Julia, Gaston  |e author  |9 431174 
245 1 0 |a Exercices d'analyse 
300 |a 4 v 
942 |c BK 
945 |d 19990702 00:00:00  |a crobeson 
260 |a París  |b Gauthier-Villars  |c 1960 
500 |a v.2: Functions analytiques. Développment en série. Résidus. Transformations analytiques. Représentation conforme 
500 |a v.3: Equations différentielles 
500 |a v.4: Equations aux dérivées partielles du premier ordre 
650 0 |a Análisis matemático   |9 260146 
650 0 |a Ejercicios   |9 269807 
650 7 |a SERIES TRIGONOMETRICAS  |2 CL-VaPUC  |9 431175 
650 0 |a Cálculo diferencial   |9 260102 
650 0 |a Cálculo integral  |9 260103 
650 0 |a Funciones analíticas  |9 270036 
650 0 |a Ecuaciones diferenciales  |9 260083 
650 0 |a Análisis complejo   |9 260214 
650 0 |a Números complejos  |9 270335 
583 |a last modification  |c 19990702 00:00:00  |k Rodrigo Vera 
999 |c 281971  |d 281969 
952 |0 0  |1 0  |4 0  |6 515_000000000000000_JUL_1960  |7 0  |8 A  |9 323146  |a BIBMAT  |b BIBMAT  |d 2019-11-20  |h v.4  |i 1346881  |o 515 JUL 1960  |p 1346881  |r 2025-01-07  |w 2019-11-20  |y BK  |k MAT